| 000 | 00000nam##2200000za#4500 |
| 001 | 9.580948 |
| 003 | CaOODSP |
| 005 | 20210624191303 |
| 007 | cr ||||||||||| |
| 008 | 150406|2003||||xxc|||||o f|0| 0 eng|d |
| 040 | |aCaOODSP|beng |
| 043 | |an-cn--- |
| 086 | 1 |aRv55-5/11-10-2-2003E-PDF |
| 110 | 2 |aCanada Border Services Agency. |
| 245 | 10|aAdministration of the Customs and Excise Offshore Application Act - seismic vessel activity |h[electronic resource] |
| 260 | |aOttawa - Ontario : |bCanada Border Services Agency |
| 300 | |a6p. |
| 490 | 1 |aCustoms D memoranda. D11, General tariff information |vD11-10-2, July 18, 2003 |
| 590 | |a14-17-Supp|b2014-10-09 |
| 775 | 08|tApplication de la Loi sur la compétence extracôtière du Canada pour les douanes et l'accise - activités des navires sismologiques |w(CaOODSP)9.607851 |
| 830 | #0|aCustoms D memoranda. D11, General tariff information ;|vD11-10-2, July 18, 2003|w(CaOODSP)9.816825 |
| 856 | 40|ahttp://publications.gc.ca|qPDF|s239 KB|uhttps://publications.gc.ca/collections/collection_2014/asfc-cbsa/Rv55-5-11-10-2-2003-eng.pdf|yD11-10-2, July 18, 2003 |